000 00859nam a22002537a 4500
001 BR8702949
003 BR-BrBNA
005 20230928092546.0
007 ta
008 230509b bl.||||| |||| 00| 0 por d
040 _aBR-BrBNA
_bpor
_cBiblioteca Nacional de Agricultura
041 _a(Por)
072 _aE14
_b/G514
090 _ E14 BR8702949
110 1 _aComissao de Desenvolvimento do Vale do Jequitinhonha, Belo Horizonte, MG (Brasil)
_91974
245 1 _aPrograma de Desenvolvimento Rural do Vale do Jequitinhonha - PLANRURAL - Plano Operativo - 80/81 [Minas Gerais]
260 3 _aBelo Horizonte, MG (Brasil):
_c1980.
300 _avp.
500 _a(*) Documento disponível no(a) CODEVALE, Belo Horizonte, MG (Brazil)
650 _aDESENVOLVIMENTO RURAL
650 _aMINAS GERAIS
909 _a202309
_bLucia
_c55
_dLucia Elande
942 _cBK
999 _c39800
_d39800